000 00812nab a2200241 u 4500
001 09604
003 HDC
007 cr bn ---aaaaa
008 210202c2010 my dr|nes 0 a eng d
040 _aHDC
100 _aHamisah Hamid
_eauthor
_98539
245 0 _aGovt Launches benchmark Sukuk / by
_cHamisah Hamid
260 _aKuala Lumpur :
_bThe New Straits Times Press (M) Bhd.,
_c2010
336 _atext
_2rdacontent
337 _acomputer
_2rdamedia
338 _aonline resource
_2rdacarrier
650 _abenchmark sukuk
_99886
650 _aislamic financial
_97023
856 _zRequest full-text at [email protected]
942 _2lcc
942 _cNEWS
942 _kNWSC 002504
999 _c6927
_d6927